| 000 | 00621nam a22002057a 4500 | ||
|---|---|---|---|
| 005 | 20180417140333.0 | ||
| 010 | _aENG-122752 | ||
| 020 |
_a9788172210557 _c360.00 |
||
| 035 | _aEN-106284 | ||
| 037 | _bDBAD/PUB | ||
| 082 | _a320.550954 | ||
| 100 | _aGatade, Subhash | ||
| 245 |
_aGodse's children: _cby Subhash Gatade _bhindutva terror in india / |
||
| 250 | _a2nd | ||
| 260 |
_aNew Delhi _bPharos Media & Publishing Pvt. Ltd. _c2013 |
||
| 270 |
_aD-84 Abul Fazl Enclave - 1 Jamia Nagar, _bNew Delhi _e110025 |
||
| 300 |
_a446p. _c22cm.(pbk) _bill. |
||
| 500 | _aIt include index | ||
| 942 |
_2ddc _cEN _mGAT _e320.550954 |
||
| 999 |
_c151306 _d151306 |
||